[Event "chess.com SpeedChess Q2Sw"]
[Site "chess.com INT"]
[Date "2022.11.12"]
[Round "3"]
[White "Sarana, Alexey"]
[Black "Ozen, Bahadir"]
[Result "1-0"]
[WhiteTitle "GM"]
[BlackTitle "IM"]
[WhiteElo "2668"]
[BlackElo "2369"]
[WhiteFideId "24133795"]
[BlackFideId "6337058"]
[EventDate "2022.11.12"]

1. c4 g6 2. d4 Bg7 3. Nc3 d6 4. e4 e5 5. d5 a5 6. Be2 Na6 7. h4 h5 8. Nf3 Nc5 9.
Be3 b6 10. a3 Nf6 11. Ng5 Ng4 12. Bd2 a4 13. f3 Nh6 14. Be3 Nb3 15. Nxa4 Nxa1
16. Nc3 Qe7 17. Qxa1 f6 18. Nh3 Nf7 19. Qd1 Bh6 20. Bf2 f5 21. Bd3 O-O 22. Qc2
f4 23. Nb5 Kg7 24. Kd1 Rh8 25. Be1 Qd8 26. Bc3 Bd7 27. Kc1 Bxb5 28. cxb5 Qd7 29.
Kb1 Kh7 30. a4 Rhc8 31. b3 Ra7 32. Kb2 Bg7 33. Bd2 Qe7 34. Be1 Bf6 35. Ng1 Kg7
36. Ne2 Rh8 37. Nc3 g5 38. hxg5 Bxg5 39. Na2 h4 40. Nb4 Qf6 41. Nc6 Rb7 42. b4
h3 43. gxh3 Bh4 44. Bc3 Bg3 45. Qg2 Kh6 46. h4 Qg6 47. a5 bxa5 48. bxa5 Ra8 49.
Kc2 Qh5 50. Be2 Nd8 51. Qh3 Nxc6 52. dxc6 Rxb5 53. Qe6+ Kh7 54. Bxb5 Qxf3 55.
Qf5+ Kh8 56. Rd1 Qf2+ 57. Rd2 Qc5 58. Rd5 Qf2+ 59. Kb3 Rb8 60. Rxe5 Qe2 61. Re8# 1-0

[Event "chess.com SpeedChess Q2Sw"]
[Site "chess.com INT"]
[Date "2022.11.12"]
[Round "3"]
[White "Gheorghiu, Calin"]
[Black "Larina, Maria"]
[Result "1-0"]
[WhiteTitle "FM"]
[BlackTitle "WFM"]
[WhiteElo "2300"]
[BlackElo "1948"]
[WhiteFideId "1200305"]
[BlackFideId "24113182"]
[EventDate "2022.11.12"]

1. e4 c6 2. d4 d5 3. e5 c5 4. Nf3 Nc6 5. c3 Bg4 6. Be2 e6 7. O-O Qb6 8. dxc5
Bxc5 9. b4 Be7 10. Bf4 f6 11. Nbd2 Nh6 12. Nd4 Bxe2 13. Qxe2 fxe5 14. Bxh6 exd4
15. Bxg7 Rg8 16. Qh5+ Kd7 17. Bxd4 Nxd4 18. cxd4 Qxd4 19. Nf3 Qg7 20. g3 Bd6 21.
Rfe1 Raf8 22. Rad1 Rf5 23. Qh3 Qg4 24. Qxg4 Rxg4 25. Nd4 Rf6 26. a3 a6 27. Kg2
Rg7 28. h3 Rgf7 29. Re2 h5 30. Nb3 b6 31. Nc1 Kc6 32. Nd3 Re7 33. a4 e5 34. Rc1+
Kb7 35. Rce1 e4 36. b5 a5 37. Nb2 Be5 38. Nd1 Bd4 39. Ne3 Ref7 40. Rf1 1-0

[Event "chess.com SpeedChess Q2Sw"]
[Site "chess.com INT"]
[Date "2022.11.12"]
[Round "3"]
[White "Ivic, Velimir"]
[Black "Jobava, Baadur"]
[Result "1-0"]
[WhiteTitle "GM"]
[BlackTitle "GM"]
[WhiteElo "2560"]
[BlackElo "2578"]
[WhiteFideId "950122"]
[BlackFideId "13601520"]
[EventDate "2022.11.12"]

1. e4 e5 2. Nf3 Nf6 3. d4 exd4 4. e5 Ne4 5. Qxd4 d5 6. exd6 Nxd6 7. Nc3 Nc6 8.
Qf4 g6 9. Bd2 Bg7 10. O-O-O O-O 11. h4 h5 12. Bd3 Bg4 13. Rde1 Bxf3 14. gxf3 a5
15. Rhg1 Nb4 16. Be4 Nc4 17. Bxg6 Qxd2+ 18. Qxd2 Nxd2 19. Bxh5 Rad8 20. Re2 Kh7
21. Rxd2 Bh6 22. Ne4 Bxd2+ 23. Nxd2 Nxa2+ 24. Kd1 Rd5 25. Rg5 Rxg5 26. hxg5 Nb4
27. Ne4 Nd5 28. Kd2 Kg7 29. Bg4 f5 30. gxf6+ Nxf6 31. Bf5 Nd5 32. Bg4 b6 33. Kd3
Rd8 34. Kc4 Nf6 35. Ng5 Rd2 36. Kc3 Rxf2 37. Ne6+ Kf7 38. Nxc7 Ke7 39. Nb5 Nd5+
40. Kd4 Nb4 41. c3 Na6 42. b3 Rb2 43. Kc4 Nc5 44. Nd4 Kd6 45. b4 axb4 46. cxb4 1-0

[Event "chess.com SpeedChess Q2Sw"]
[Site "chess.com INT"]
[Date "2022.11.12"]
[Round "3"]
[White "Rakhmanov, Aleksandr"]
[Black "Duda, Jan-Krzysztof"]
[Result "1/2-1/2"]
[WhiteTitle "GM"]
[BlackTitle "GM"]
[WhiteElo "2630"]
[BlackElo "2731"]
[WhiteFideId "4173708"]
[BlackFideId "1170546"]
[EventDate "2022.11.12"]

1. d4 Nf6 2. c4 e6 3. Nc3 d5 4. cxd5 exd5 5. Bg5 c6 6. e3 Be7 7. Bd3 h6 8. Bf4
O-O 9. h3 Re8 10. Qc2 Nbd7 11. Nf3 Nf8 12. O-O Bd6 13. Ne5 Qe7 14. Bg3 N6d7 15.
Nxd7 Bxd7 16. Bxd6 Qxd6 17. b4 a6 18. Na4 Bc8 19. Rab1 Nd7 20. Nc5 b5 21. Rfe1
Nxc5 22. Qxc5 Qxc5 23. bxc5 a5 24. g4 Ra7 25. f3 Rae7 26. Kf2 g6 27. Re2 Kg7 28.
Rg1 Bd7 29. Rh1 f5 30. Rg1 Kf6 31. f4 g5 32. Kf3 gxf4 33. Kxf4 fxg4 34. hxg4 Kg7
35. Rh1 Rf8+ 36. Kg3 Ref7 37. Rh4 Rf3+ 38. Kg2 b4 39. Bc2 Bc8 40. Bd3 a4 41. g5
hxg5 42. Rh7+ Kg8 43. Rh6 b3 44. Rg6+ Kh8 45. axb3 axb3 46. Rh6+ Kg7 47. Rg6+
Kh8 48. Rh6+ Kg8 49. Rg6+ Kh8 1/2-1/2

[Event "chess.com SpeedChess Q2Sw"]
[Site "chess.com INT"]
[Date "2022.11.12"]
[Round "3"]
[White "Lakshmi, C"]
[Black "McCoy, Owen"]
[Result "1-0"]
[WhiteTitle "WFM"]
[WhiteElo "1956"]
[BlackElo "2085"]
[WhiteFideId "25035347"]
[BlackFideId "30924502"]
[EventDate "2022.11.12"]

1. e4 c5 2. Nf3 d6 3. d4 cxd4 4. Nxd4 Nf6 5. Nc3 a6 6. a4 e5 7. Nb3 Be7 8. Be2
Be6 9. Bg5 Nbd7 10. Bf3 Rc8 11. O-O O-O 12. a5 Rc4 13. Be2 Rxc3 14. bxc3 Nxe4
15. Bxe7 Qxe7 16. Bf3 f5 17. Qe1 d5 18. Nc1 Rc8 19. Nd3 Qf6 20. Rb1 Rc7 21. c4
dxc4 22. Nb4 Ndc5 23. Qe3 c3 24. Rfd1 Nd2 25. Nd5 Bxd5 26. Bxd5+ Kh8 27. Rb6 Qe7
28. Qxc3 Nce4 29. Qb2 Qh4 30. Bxe4 Nxe4 31. Qxe5 Qxf2+ 32. Kh1 Rc8 33. Rxb7 Rg8
34. Rxg7 Qc5 35. Rxg8+ Kxg8 36. Rd8+ Kf7 37. Rd7+ Kg6 38. Qxc5 Nxc5 39. Rd6+ Kg5
40. Rc6 Ne4 41. Rxa6 Kf4 42. Rb6 Ke3 43. a6 f4 44. a7 f3 45. gxf3 Kxf3 46. Rb3+
Ke2 47. Kg2 h5 48. a8=Q Nd2 49. Qe8+ Kd1 50. Rd3 h4 51. Qh5+ Kc1 52. Rxd2 h3+
53. Qxh3 Kb1 54. Qb3+ Ka1 55. Rd1# 1-0

[Event "chess.com SpeedChess Q2Sw"]
[Site "chess.com INT"]
[Date "2022.11.12"]
[Round "3"]
[White "Terry, Renato"]
[Black "Lewtak, Damian"]
[Result "1-0"]
[WhiteTitle "IM"]
[BlackTitle "IM"]
[WhiteElo "2516"]
[BlackElo "2385"]
[WhiteFideId "3803457"]
[BlackFideId "1141724"]
[EventDate "2022.11.12"]

1. d4 d6 2. e4 g6 3. Nc3 Bg7 4. Nf3 c6 5. a4 Nd7 6. Bc4 Ngf6 7. e5 dxe5 8. dxe5
Nd5 9. Nxd5 cxd5 10. Qxd5 Nxe5 11. Qxd8+ Kxd8 12. Nxe5 Bxe5 13. O-O e6 14. Re1
Bf6 15. a5 Bd7 16. a6 b6 17. c3 Ke7 18. Bf4 Rac8 19. Bf1 Rhd8 20. g3 g5 21. Be3
h5 22. Bg2 Bc6 23. Bxc6 Rxc6 24. Ra4 Rdd6 25. Kg2 Kd7 26. h3 Kc7 27. g4 hxg4 28.
hxg4 b5 29. Rb4 Rxa6 30. Rxb5 Ra2 31. Rh1 a6 32. Rb4 a5 33. Rb5 Rd5 34. Rxd5
exd5 35. Rh7 Kd6 36. Rxf7 Be7 37. b4 axb4 38. cxb4 Ke6 39. Rg7 Bf6 40. Rg8 d4
41. Bxg5 Bxg5 42. Rxg5 d3 43. Kf3 d2 44. Ke2 Rb2 45. f3 Kf6 46. Rf5+ Ke6 47. b5
Ra2 48. Rh5 Rb2 49. b6 Kf6 50. Rd5 Rxb6 51. Kxd2 Rb3 52. Ke2 Ke6 53. Ra5 Kf6 54.
Kf2 Rb4 55. Kg3 Kg6 56. Ra6+ Kg5 57. f4+ Rxf4 58. Ra5+ Kg6 1-0

[Event "chess.com SpeedChess Q2Sw"]
[Site "chess.com INT"]
[Date "2022.11.12"]
[Round "3"]
[White "Vogel, Roven"]
[Black "Suleymanli, Aydin"]
[Result "1-0"]
[WhiteTitle "IM"]
[BlackTitle "GM"]
[WhiteElo "2461"]
[BlackElo "2543"]
[WhiteFideId "12908088"]
[BlackFideId "13413937"]
[EventDate "2022.11.12"]

1. e4 e5 2. Nf3 Nc6 3. Bb5 a6 4. Ba4 Nge7 5. O-O g6 6. d4 exd4 7. Nxd4 Bg7 8. c3
O-O 9. Bg5 h6 10. Bh4 Nxd4 11. cxd4 c5 12. dxc5 Bxb2 13. Nd2 g5 14. Rb1 Bd4 15.
Nb3 Bg7 16. Bg3 Ng6 17. Bd6 Re8 18. Re1 b5 19. cxb6 Qxb6 20. Nc5 Qa5 21. Qd5 Ra7
22. Bb3 Nh8 23. Bb8 Bb7 24. Nxb7 Qxd5 25. Bxd5 Rxb8 26. Nd6 Rxb1 27. Rxb1 Bf8
28. Rb8 Rc7 29. g3 Rc1+ 30. Kg2 Rc2 31. Rd8 Rd2 32. Rxd7 Kg7 33. Nf5+ Kh7 34.
Rc7 Kg6 35. Rc6+ Kh7 36. Kf3 Ng6 37. Ke3 Rb2 38. Rc7 Ne5 39. f4 gxf4+ 40. gxf4
Ng4+ 41. Kd3 Nf2+ 42. Kd4 Rb4+ 43. Ke3 Ng4+ 44. Kd3 Nf2+ 45. Kc3 Nd1+ 46. Kd2
Nf2 47. Rxf7+ Kg6 48. Rxf8 Rb2+ 49. Ke3 Nd1+ 50. Kd4 Rd2+ 51. Ke5 Nf2 52. Rg8+
Kh7 53. Rg7+ Kh8 54. Rg6 1-0

[Event "chess.com SpeedChess Q2Sw"]
[Site "chess.com INT"]
[Date "2022.11.12"]
[Round "3"]
[White "Eynullayev, Atilla"]
[Black "Sattarov, Bobir"]
[Result "0-1"]
[WhiteTitle "FM"]
[WhiteElo "2281"]
[BlackElo "2433"]
[WhiteFideId "13413570"]
[BlackFideId "14203081"]
[EventDate "2022.11.12"]

1. d4 Nf6 2. c4 e6 3. Nc3 Bb4 4. e3 O-O 5. Bd3 Re8 6. Nf3 d5 7. O-O Nbd7 8. Bd2
c6 9. a3 Bd6 10. h3 dxc4 11. Bxc4 b5 12. Ba2 Bb7 13. Ng5 a6 14. Nce4 Be7 15.
Nxe6 fxe6 16. Bxe6+ Kh8 17. Ng5 Rf8 18. Nf7+ Rxf7 19. Bxf7 c5 20. Bc3 Ne4 21. f3
Nxc3 22. bxc3 Bf8 23. Qd3 Ne5 24. Qf5 Nxf7 25. Qxf7 Qd5 26. Qxd5 Bxd5 27. e4 Bc4
28. Rfd1 cxd4 29. cxd4 a5 30. Rdc1 a4 31. Kf2 Be7 32. f4 Rd8 33. Ke3 Bf6 34. e5
Be7 35. g4 g6 36. Rc3 Kg7 37. Rd1 Kf7 38. f5 Bg5+ 39. Kf3 Be7 40. f6 Bf8 41. g5
Ke6 42. Rxc4 bxc4 43. Ke4 Bxa3 44. d5+ Kd7 45. Rb1 Rc8 46. Rb7+ Rc7 47. e6+ Kc8
48. Rb6 c3 49. e7 Kd7 50. Rd6+ Bxd6 51. f7 Bxe7 0-1

[Event "chess.com SpeedChess Q2Sw"]
[Site "chess.com INT"]
[Date "2022.11.12"]
[Round "3"]
[White "Oparin, Grigoriy"]
[Black "Stearman, Josiah"]
[Result "0-1"]
[WhiteTitle "GM"]
[BlackTitle "IM"]
[WhiteElo "2683"]
[BlackElo "2377"]
[WhiteFideId "24125890"]
[BlackFideId "2062496"]
[EventDate "2022.11.12"]

1. d4 d5 2. c4 c6 3. Nf3 Nf6 4. Nc3 dxc4 5. a4 Bf5 6. e3 e6 7. Bxc4 Bb4 8. O-O
O-O 9. Nh4 Bg4 10. f3 Nd5 11. Qe1 Bh5 12. g4 Be7 13. Ng2 Bg6 14. Bb3 Nb4 15. f4
Bd3 16. Rf3 c5 17. dxc5 N8a6 18. Nb5 Be4 19. Rh3 Nd3 20. Qf1 Naxc5 21. Bc4 Nb4
22. Nd4 Bf6 23. Ra3 Bxd4 24. exd4 Qxd4+ 25. Be3 Bxg2 26. Bxd4 Bxf1 27. Bxf1 Ne4
28. Rae3 Nf6 29. Rb3 Nbd5 30. g5 Ne4 31. Rxb7 Nxf4 32. Rhb3 Nd2 33. R3b5 Nf3+
34. Kf2 Nxd4 35. Ra5 Nc6 36. Ra6 Rfc8 37. b4 Nd5 38. b5 Ncb4 39. Raxa7 Rxa7 40.
Rxa7 h6 41. a5 hxg5 42. b6 Nc6 43. Ra6 Ndb4 44. b7 Rb8 45. Rb6 Nxa5 46. Rxb4
Rxb7 47. Ra4 Nb3 48. Bg2 Rc7 49. Be4 g6 50. Ra6 Kg7 51. Ra8 Nd4 52. Bg2 e5 53.
Ke3 Nf5+ 54. Ke4 Rc2 55. Bf1 Rxh2 56. Kxe5 g4 57. Bc4 g3 58. Ra1 g2 59. Rg1 Ne3
60. Bxf7 Kxf7 61. Kf4 Rh1 0-1

[Event "chess.com SpeedChess Q2Sw"]
[Site "chess.com INT"]
[Date "2022.11.12"]
[Round "3"]
[White "Artemiev, Vladislav"]
[Black "Eljanov, Pavel"]
[Result "1-0"]
[WhiteTitle "GM"]
[BlackTitle "GM"]
[WhiteElo "2701"]
[BlackElo "2706"]
[WhiteFideId "24101605"]
[BlackFideId "14102951"]
[EventDate "2022.11.12"]

1. Nf3 d5 2. g3 Bg4 3. Bg2 c6 4. O-O Nf6 5. d4 e6 6. Nbd2 Be7 7. Re1 O-O 8. e4
h6 9. c3 Nbd7 10. Qb3 Qb6 11. h3 Bh5 12. exd5 cxd5 13. Nh4 g5 14. Nhf3 Qxb3 15.
axb3 a5 16. Bf1 Nb6 17. Ne5 Nfd7 18. Ndf3 Nxe5 19. Nxe5 f6 20. Ng4 Bxg4 21. hxg4
Kf7 22. Bb5 Nc8 23. Bd2 Rd8 24. Kg2 Nd6 25. Bd3 b5 26. Re2 Bf8 27. Bc2 Rdc8 28.
Rae1 Re8 29. f4 a4 30. bxa4 bxa4 31. Ra1 Reb8 32. Bc1 a3 33. Rxa3 Rxa3 34. bxa3
Nb5 35. f5 exf5 36. Bxf5 Nxc3 37. Be6+ Kg6 38. Rc2 Rb3 39. Bd2 Nb5 40. Bxd5 Rxa3
41. Rc8 Be7 42. Be4+ Kg7 43. Bd5 Nxd4 44. Rc7 Kf8 45. Rxe7 Rxg3+ 46. Kxg3 Kxe7
47. Bb4+ Ke8 48. Bc5 Nb5 49. Bc6+ 1-0

[Event "chess.com SpeedChess Q2Sw"]
[Site "chess.com INT"]
[Date "2022.11.12"]
[Round "3"]
[White "Xiong, Jeffery"]
[Black "Peyrer, Konstantin"]
[Result "1-0"]
[WhiteTitle "GM"]
[BlackTitle "FM"]
[WhiteElo "2692"]
[BlackElo "2393"]
[WhiteFideId "2047640"]
[BlackFideId "1640879"]
[EventDate "2022.11.12"]

1. d4 Nf6 2. c4 e6 3. Nc3 Bb4 4. Nf3 O-O 5. Bg5 d5 6. e3 c5 7. cxd5 exd5 8. dxc5
h6 9. Bxf6 Qxf6 10. Rc1 Rd8 11. Qd4 Qxd4 12. exd4 Nc6 13. a3 Re8+ 14. Kd2 Bxc3+
15. Kxc3 Bg4 16. Nd2 Rac8 17. Bb5 Be2 18. Bxc6 bxc6 19. Rhe1 Kf8 20. Nb3 Bb5 21.
Na5 Re4 22. Rxe4 dxe4 23. d5 cxd5 24. Kd4 Rd8 25. c6 Ke7 26. Rc5 Bf1 27. g3 Ke6
28. b4 a6 29. a4 Rb8 30. c7 Rc8 31. b5 axb5 32. axb5 Bxb5 33. Rxb5 Rxc7 34. Rb6+
Kf5 35. Nc6 f6 36. h3 h5 37. Ke3 g5 38. Nd4+ Kg6 39. Rb5 Rc3+ 40. Ke2 h4 41.
gxh4 gxh4 42. Rxd5 Rxh3 43. Nf5 Rh1 44. Ne3 h3 45. Rd8 Kg7 46. Nf5+ Kh7 47. Ng3
Ra1 48. Rd5 Kg6 49. Rd8 Ra2+ 50. Ke3 Ra3+ 51. Kxe4 Ra2 52. Kf3 f5 53. Rh8 f4 54.
Ne4 Kf5 55. Rh5+ Ke6 56. Rxh3 Ke5 57. Rh5+ Kd4 58. Kxf4 1-0

[Event "chess.com SpeedChess Q2Sw"]
[Site "chess.com INT"]
[Date "2022.11.12"]
[Round "3"]
[White "Shimanov, Aleksandr"]
[Black "Al-Tarboush, Ward"]
[Result "1-0"]
[WhiteTitle "GM"]
[BlackTitle "FM"]
[WhiteElo "2581"]
[BlackElo "2238"]
[WhiteFideId "4198603"]
[BlackFideId "7601450"]
[EventDate "2022.11.12"]

1. e4 e5 2. Nf3 Nf6 3. Nc3 Nc6 4. h3 Bb4 5. Nd5 d6 6. c3 Ba5 7. d3 Nxd5 8. exd5
Ne7 9. Qa4+ c6 10. dxc6 Nxc6 11. Be2 Bd7 12. Qb3 Bb6 13. Be3 Bxe3 14. fxe3 O-O
15. O-O Rb8 16. d4 Qe7 17. Rae1 Kh8 18. Nd2 a6 19. Bf3 f6 20. Bd5 Nd8 21. Qd1
Bc6 22. Bb3 b5 23. a3 Ba8 24. Qh5 Qe8 25. Qg4 Qg6 26. Qxg6 hxg6 27. Nf3 Nc6 28.
Nh4 Ne7 29. Rd1 g5 30. Nf3 e4 31. Nd2 d5 32. Ra1 Bc6 33. Bd1 Bd7 34. Nb3 f5 35.
Nc5 Bc8 36. g3 Rb6 37. Be2 Rbf6 38. Rf2 f4 39. g4 f3 40. Bf1 Ng6 41. a4 Rb6 42.
axb5 axb5 43. b4 Bb7 44. Ra7 Bc6 45. Rfa2 Nh4 46. Kf2 Be8 47. Rc7 Rbf6 48. Raa7
R6f7 49. Rxf7 Bxf7 50. Bxb5 Rb8 51. Bf1 Be8 52. Na6 Rc8 53. Rc7 Ra8 54. b5 Ng6
55. b6 Nf8 56. b7 Rxa6 57. Bxa6 Nd7 58. Rxd7 1-0

[Event "chess.com SpeedChess Q2Sw"]
[Site "chess.com INT"]
[Date "2022.11.12"]
[Round "3"]
[White "Aditya, Mittal"]
[Black "Mezhlumyan, Vahram"]
[Result "0-1"]
[WhiteTitle "IM"]
[BlackTitle "FM"]
[WhiteElo "2486"]
[BlackElo "2208"]
[WhiteFideId "35042025"]
[BlackFideId "13302183"]
[EventDate "2022.11.12"]

1. d4 d5 2. c4 e6 3. Nc3 Nf6 4. cxd5 exd5 5. Bg5 c6 6. e3 Be7 7. Bd3 O-O 8. Qc2
Nbd7 9. Nf3 Re8 10. O-O Nf8 11. h3 Ne4 12. Bf4 Ng5 13. Nd2 Bd6 14. Bxd6 Qxd6 15.
f4 Nxh3+ 16. gxh3 Rxe3 17. Rf3 Rxf3 18. Nxf3 Qxf4 19. Qf2 Bxh3 20. Ne5 Ne6 21.
Ne2 Qg5+ 22. Kh2 f6 23. Nf3 Qh6 24. Qh4 Qxh4 25. Nxh4 Bg4 26. Bf5 Bxf5 27. Nxf5
Re8 28. b4 g6 29. Nfg3 Kf7 30. a4 h5 31. b5 c5 32. dxc5 Nxc5 33. Nf4 d4 34. Rd1
Rd8 35. Nge2 Nxa4 36. Ra1 Nc3 37. Nxc3 dxc3 38. Rxa7 Rd2+ 39. Kg3 Rd7 40. Ra3
Rc7 41. Ne2 c2 42. Nc1 g5 43. b6 Rc6 44. Rd3 Kg6 45. Rd7 Rxb6 46. Rc7 Rc6 47.
Rxb7 Rc3+ 48. Kf2 h4 49. Rb4 f5 50. Ke2 g4 51. Kd2 Rc6 52. Nd3 Kg5 53. Rb8 h3
54. Rg8+ Kh4 55. Ne5 c1=Q+ 0-1

[Event "chess.com SpeedChess Q2Sw"]
[Site "chess.com INT"]
[Date "2022.11.12"]
[Round "3"]
[White "Bagrationi, Alexander"]
[Black "Dudzinski, Pawel"]
[Result "1/2-1/2"]
[WhiteTitle "GM"]
[BlackTitle "FM"]
[WhiteElo "2454"]
[BlackElo "2186"]
[WhiteFideId "14104954"]
[BlackFideId "1117890"]
[EventDate "2022.11.12"]

1. d4 d5 2. c4 c6 3. Nc3 e6 4. Nf3 Nf6 5. Bg5 Be7 6. Qc2 h6 7. Bxf6 Bxf6 8.
O-O-O Nd7 9. e4 dxe4 10. Nxe4 Be7 11. g4 Nf6 12. Rg1 Nxe4 13. Qxe4 Qa5 14. Kb1
Bf6 15. h4 g5 16. Rd2 Bd7 17. hxg5 hxg5 18. Bg2 O-O-O 19. Rc1 Kb8 20. Rd3 Be7
21. Rb3 f5 22. Qe5+ Qxe5 23. Nxe5 fxg4 24. Bxc6 Bc8 25. Nf7 Rhf8 26. Nxd8 Bxd8
27. f3 g3 28. Be4 Bc7 29. Rd3 Rh8 30. Rdd1 Bf4 31. Rc2 Rh2 32. Rxh2 gxh2 33. d5
exd5 34. cxd5 Bh3 35. d6 Bg2 36. d7 Bc7 37. d8=Q+ Bxd8 38. Rxd8+ Kc7 39. Rh8
h1=Q+ 40. Rxh1 Bxh1 41. Kc2 g4 42. Kd2 Bxf3 43. Bxf3 gxf3 44. Ke3 Kd6 45. Kxf3
Kd5 46. Ke3 Kc4 47. Kd2 b5 48. Kc2 a5 49. Kd2 Kd4 50. Kc2 Kc4 51. Kd2 a4 52. Kc2
Kd4 53. Kd2 b4 54. Kc2 Kc4 55. Kd2 b3 56. a3 Kd4 57. Ke2 Ke4 58. Kd2 Kd4 59. Ke2
Ke4 60. Kd2 Kd4 1/2-1/2

[Event "chess.com SpeedChess Q2Sw"]
[Site "chess.com INT"]
[Date "2022.11.12"]
[Round "3"]
[White "Grischuk, Alexander"]
[Black "Talibov, Shiroghlan"]
[Result "1/2-1/2"]
[WhiteTitle "GM"]
[BlackTitle "FM"]
[WhiteElo "2745"]
[BlackElo "2316"]
[WhiteFideId "4126025"]
[BlackFideId "13429078"]
[EventDate "2022.11.12"]

1. Nf3 e6 2. e4 d5 3. e5 c5 4. c3 Nc6 5. d4 Bd7 6. Be2 Nge7 7. Na3 cxd4 8. cxd4
Nf5 9. Nc2 Nb4 10. O-O Nxc2 11. Qxc2 Qb6 12. Qd3 a6 13. Bd2 Be7 14. a4 Nh4 15.
Nxh4 Bxh4 16. Bc3 Be7 17. f4 g6 18. Kh1 Rc8 19. Qh3 Qb3 20. Rfc1 O-O 21. Qe3 Bb4
22. Qd2 Bxc3 23. bxc3 Qb6 24. a5 Qc7 25. h3 Bb5 26. Bxb5 axb5 27. Qb2 Qc4 28.
Rab1 Ra8 29. Qxb5 Rfc8 30. Qxc4 Rxc4 31. Rb5 Ra4 32. Rcb1 R4xa5 33. Rxa5 Rxa5
34. Rxb7 Ra3 35. Rc7 h5 36. h4 Ra1+ 37. Kh2 Rc1 38. Kg3 Kg7 39. Kf2 Kg8 40. g3
Kg7 41. Kf3 Kg8 42. Ke2 Rg1 43. Kf2 Rc1 44. Kf3 Kg7 45. Ke3 Rg1 46. Kf2 Rc1 47.
Kg2 Rc2+ 48. Kf3 Rc1 49. Rc8 Kh7 50. Ke2 Rg1 51. Kf2 Rc1 52. Ke3 Rg1 53. Kf3 Rc1
54. Kg2 Kg7 55. Kf2 Kh7 56. Ke3 Rg1 57. Kf3 Rc1 1/2-1/2

[Event "chess.com SpeedChess Q2Sw"]
[Site "chess.com INT"]
[Date "2022.11.12"]
[Round "3"]
[White "Krishnakumar, Sriram"]
[Black "Rustemov, Alexander"]
[Result "0-1"]
[WhiteTitle "FM"]
[BlackTitle "GM"]
[WhiteElo "2248"]
[BlackElo "2525"]
[WhiteFideId "30915856"]
[BlackFideId "4119002"]
[EventDate "2022.11.12"]

1. e4 e6 2. d4 d5 3. Nc3 dxe4 4. Nxe4 Bd7 5. Nf3 Bc6 6. Bd3 Nd7 7. O-O Ngf6 8.
Ng3 Be7 9. c4 O-O 10. h3 b6 11. Qe2 Bb7 12. Rd1 c5 13. Be3 Qc7 14. Rac1 Rfd8 15.
Bb1 h6 16. dxc5 bxc5 17. Ne1 a5 18. Qc2 a4 19. Nd3 Qc6 20. f3 Qc7 21. Nf4 Bd6
22. Ngh5 Kf8 23. Qd2 Be5 24. Nxf6 Nxf6 25. Nd3 Bd4 26. Qf2 e5 27. f4 Ne4 28. Qe1
exf4 29. Bxd4 Rxd4 30. Nf2 Nxf2 31. Qxf2 Rad8 32. Rxd4 Rxd4 33. b4 axb3 34. axb3
Qd6 35. Bf5 Rd2 36. Qe1 Rxg2+ 37. Kf1 Rh2 38. Be4 Bc8 39. Rd1 Qf6 40. Bg2 Bxh3
41. Bxh3 Rxh3 42. Kg2 Rg3+ 43. Kf1 Qh4 44. Qf2 Qh3+ 45. Ke1 Re3+ 46. Kd2 Rd3+
47. Kc2 Rc3+ 48. Kd2 Qd3+ 49. Ke1 Qe3+ 50. Qxe3 Rxe3+ 51. Kf2 Rxb3 52. Rd5 g5
53. Rxc5 Kg7 54. Rc7 Kg6 55. c5 Rc3 56. c6 g4 57. Rc8 Rc2+ 58. Kf1 Kf5 59. c7 f6
60. Rh8 Rxc7 61. Rxh6 f3 62. Rh5+ Kf4 63. Ra5 Rc1+ 64. Kf2 g3# 0-1

[Event "chess.com SpeedChess Q2Sw"]
[Site "chess.com INT"]
[Date "2022.11.12"]
[Round "3"]
[White "Kollars, Dmitrij"]
[Black "Harshavardhan, G B"]
[Result "1-0"]
[WhiteTitle "GM"]
[BlackTitle "IM"]
[WhiteElo "2611"]
[BlackElo "2426"]
[WhiteFideId "12909572"]
[BlackFideId "25059009"]
[EventDate "2022.11.12"]

1. d4 Nf6 2. Nf3 d5 3. c4 e6 4. Nc3 c5 5. e3 Nc6 6. a3 cxd4 7. exd4 a6 8. c5 b6
9. b4 Be7 10. Bf4 O-O 11. Be2 Re8 12. O-O Ne4 13. Qc2 f5 14. Na4 bxc5 15. bxc5
Bf6 16. Rfd1 g5 17. Be5 g4 18. Bxf6 Qxf6 19. Ne5 Nxd4 20. Rxd4 Qxe5 21. Rad1 Ra7
22. c6 Rc7 23. Rb4 Bd7 24. cxd7 Rxd7 25. Bxa6 Rc7 26. Qb2 Qxb2 27. Nxb2 Ra8 28.
Rb6 Rc2 29. Bd3 Rc3 30. a4 Nc5 31. Bf1 Kf7 32. Ra1 d4 33. a5 d3 34. Rd1 Rd8 35.
a6 d2 36. Nc4 Ne4 37. a7 Rc1 38. Rb8 Rxb8 39. axb8=Q Rxd1 40. Qc7+ Kg6 41. Qd7
Kf6 42. f3 Re1 43. Nxd2 gxf3 44. Nxe4+ fxe4 45. gxf3 exf3 46. Qd4+ e5 47. Qd6+
Kf5 48. Kf2 Rc1 49. Bh3+ Ke4 50. Qb4+ Kd3 51. Qa3+ Kd2 52. Qd6+ Kc2 53. Bf5+ Kb2
54. Qxe5+ Rc3 55. Qb5+ Kc1 56. Qe5 Kd2 57. Qd4+ 1-0

[Event "chess.com SpeedChess Q2Sw"]
[Site "chess.com INT"]
[Date "2022.11.12"]
[Round "3"]
[White "Andreassen, Lars"]
[Black "Jegorovas, Aleksandras"]
[Result "0-1"]
[WhiteTitle "CM"]
[BlackTitle "FM"]
[WhiteElo "2168"]
[BlackElo "2270"]
[WhiteFideId "1504878"]
[BlackFideId "12801950"]
[EventDate "2022.11.12"]

1. d4 Nf6 2. Nf3 e6 3. c4 Nc6 4. Nc3 Bb4 5. Bg5 O-O 6. Rc1 b6 7. e3 Bb7 8. Bd3
Ne7 9. Bxf6 gxf6 10. O-O f5 11. a3 Bxc3 12. Rxc3 Kh8 13. Qc2 Bxf3 14. gxf3 Rg8+
15. Kh1 Nc6 16. f4 Qh4 17. f3 Rg7 18. Qf2 Qh3 19. Rcc1 Rag8 20. Rg1 Ne7 21. Rxg7
Rxg7 22. Rg1 Rxg1+ 23. Kxg1 Ng6 24. Qg3 Qh4 25. Kf2 Kg7 26. b4 Kf6 27. Qxh4+
Nxh4 28. a4 a5 29. bxa5 bxa5 30. c5 d6 31. Bc4 Ke7 32. Bb5 Ng6 33. Ke2 e5 34.
cxd6+ cxd6 35. dxe5 dxe5 36. fxe5 Nxe5 37. h3 Kd6 38. f4 Ng6 39. Kd3 Kc5 40. Be8
Kb4 41. Bxf7 Kxa4 42. Be6 Ne7 43. Kc4 Ka3 44. Kc5 a4 45. Kd6 Ng6 46. Bxf5 Kb2
47. Be6 Nf8 48. Bd5 Ng6 49. f5 Nh4 50. f6 Nf5+ 51. Ke5 Nxe3 52. Be6 Ng2 53. f7
Nh4 54. Kf6 Ng6 55. Bf5 a3 56. Bxg6 a2 57. f8=Q a1=Q 58. Qb8+ Kc1+ 59. Qe5 Qa6+ 0-1

[Event "chess.com SpeedChess Q2Sw"]
[Site "chess.com INT"]
[Date "2022.11.12"]
[Round "3"]
[White "Goltseva, Ekaterina"]
[Black "Urazayev, Arystanbek"]
[Result "1-0"]
[WhiteTitle "FM"]
[BlackTitle "IM"]
[WhiteElo "2265"]
[BlackElo "2458"]
[WhiteFideId "24173770"]
[BlackFideId "13709810"]
[EventDate "2022.11.12"]

1. d4 d5 2. c4 c6 3. Nf3 Nf6 4. g3 e6 5. Bg2 Be7 6. O-O O-O 7. Nc3 a5 8. Re1 b5
9. cxb5 cxb5 10. Nxb5 Nc6 11. Nc3 Ba6 12. e4 Bb4 13. e5 Bxc3 14. bxc3 Ne4 15.
Re3 Ne7 16. Ba3 Nf5 17. Bxf8 Nxe3 18. fxe3 Qxf8 19. Qa4 Nxc3 20. Qxa5 Ne2+ 21.
Kf2 Qc8 22. Qc5 Qxc5 23. dxc5 Nc3 24. Nd4 Kf8 25. a4 Ke8 26. a5 Kd7 27. c6+ Kc7
28. Bf1 Ne4+ 29. Kg1 Bxf1 30. Rxf1 f5 31. Nxe6+ Kxc6 32. Nd4+ Kc5 33. Rxf5 Kc4
34. e6 g5 35. e7 Re8 36. Rf7 g4 37. a6 Nd6 38. Rxh7 Nc8 39. Nc6 Kc5 40. a7 Nb6
41. Nb8 Na8 42. Nd7+ Kd6 43. Nf6 Rxe7 44. Rxe7 Kxe7 45. Nxd5+ Ke6 46. Nf4+ Kf5
47. Kf2 Nc7 48. Ke2 Ke4 49. Nd3 Kd5 50. Nf2 Kc6 51. Nxg4 Kb7 52. h4 Kxa7 53. h5
Ne6 54. h6 Ng5 55. Nf6 Nf7 56. h7 Nh8 57. Kf3 Kb6 58. Kf4 Kc7 59. Kf5 Kd8 60. e4
Ke7 61. e5 Kf7 62. g4 Kg7 63. g5 Ng6 64. e6 Nh4+ 65. Ke5 Nf3+ 66. Kf4 Nh4 67.
Kg4 Ng6 68. Kf5 Nh4+ 69. Ke5 Nf3+ 70. Kd5 Nh4 71. e7 Ng6 72. e8=Q Nf4+ 73. Ke4
Ng6 74. Qg8# 1-0